<?xml version="1.0" encoding="UTF-8"?>
<collection xmlns="http://www.loc.gov/MARC21/slim">
 <record>
  <leader>00726pamaa2200133   4500</leader>
  <controlfield tag="001">0000022655</controlfield>
  <controlfield tag="005">20110107090000.0</controlfield>
  <datafield tag="020" ind1="0" ind2="0">
   <subfield code="a">[ nil ] </subfield>
  </datafield>
  <datafield tag="090" ind1="0" ind2="0">
   <subfield code="a">Z678.8.M4 </subfield>
   <subfield code="b">ORG 1999</subfield>
  </datafield>
  <datafield tag="245" ind1="0" ind2="0">
   <subfield code="a">Organising libraries for private education : </subfield>
   <subfield code="b">seminar anjuran bersama  </subfield>
   <subfield code="c">Kementerian Pendidikan Malaysia (Jabatan Pendidikan Swasta), Persatuan Pustakawan Malaysia (PPM) dan Persatuan Kebangsaan Institusi-Institusi Pendidikan Swasta dan Bebas, Malaysia (NAPIEI) on 6th October, 1999 at Hotel Armada, Petaling Jaya.</subfield>
  </datafield>
  <datafield tag="300" ind1=" " ind2=" ">
   <subfield code="a">Various pagings (1.5 cm thick); </subfield>
   <subfield code="c">31cm.</subfield>
  </datafield>
  <datafield tag="610" ind1="1" ind2="0">
   <subfield code="a">Persatuan Pustakawan Malaysia (PPM) </subfield>
  </datafield>
  <datafield tag="650" ind1="0" ind2="0">
   <subfield code="a">Library administration </subfield>
  </datafield>
  <datafield tag="710" ind1="1" ind2="1">
   <subfield code="a">Persatuan Kebangsaan Institusi-Institusi Pendidikan Swasta dan Bebas, Malaysia (NAPIEI) </subfield>
  </datafield>
 </record>
</collection>
